Ovečky nefungujú príbeh mojej nespavosti

Podrobná bibliografia
Hlavný autor: Kollárová, Lucia, 1976- (Autor)
Médium: Kniha
Jazyk:slovenčina
Fyzický popis:136 s. 22 cm
Vydavateľské údaje: Bratislava Infopress 2013
ISBN:9788089485062
Predmet:

MARC

LEADER 00000cam a2200000 a 4500
001 vtls010515135
003 SK-MaSNL
005 20260302012837.0
008 240313s2013 xo g 000 0dslo
015 |a SNBA2013/07 
020 |a 9788089485062  |q (viaz.) 
035 |a BBA18648-9CC7-41F7-B686-FF661D66CD8F 
035 |a urn:nbn:sk:snk-amlaf2 
035 |a urn:nbn:sk:snk-am008qll 
040 |a SNK  |b slo  |c SNK  |e AACR2 
041 0 |a slo 
044 |a xo  |c SK 
072 7 |a 159.96  |x Zvláštne duševné stavy a procesy  |2 konspekt 
080 |a 159.963.273  |2 2001 
080 |a 364.6-022.258  |2 2001 
080 |a (0.062)  |2 2001 
080 |a (0:82-322.6)  |2 2001 
100 1 |a Kollárová, Lucia,  |d 1976-  |4 aut  |9 88411 
245 1 0 |a Ovečky nefungujú  |b príbeh mojej nespavosti  |c Lucia Kollárová 
260 |a Bratislava  |b Infopress  |c 2013 
300 |a 136 s.  |c 22 cm 
650 0 7 |a nespavosť  |2 SNKPH  |9 22279 
650 0 7 |a Insomnia  |2 SNKPHeng  |9 336735 
650 0 7 |a Crisis situations  |2 SNKPHeng  |9 313185 
650 0 7 |a krízové situácie  |2 SNKPH  |9 1563 
655 7 |a populárno-náučné publikácie  |2 SNKPH  |9 70460 
655 7 |a Popular works  |2 SNKPHeng  |9 90287 
655 7 |a Autobiographical stories  |2 SNKPHeng  |9 302869 
655 7 |a autobiografické príbehy  |2 SNKPH  |9 70622 
852 |a Štátna vedecká knižnica v Banskej Bystrici 
919 |a 978-80-89485-06-2 
999 |c 1010888  |d 1012818 
952 |a SNK  |b SNK  |y VYP  |7 0  |p 17A1072717  |o snkSC 155013 D1  |i snk2013/14562  |8 0  |0 0  |1 0  |4 0  |d 2013-06-24  |l 0  |r 2026-02-24 12:51:31  |w 2026-02-24 
952 |a SNK  |b SNK  |y PREZ  |7 0  |p 17A1072716  |o snkSC 155013  |i snk2013/14561  |8 0  |0 0  |1 0  |4 0  |d 2013-06-24  |f 1  |l 0  |r 2025-07-25 00:00:00  |w 2026-02-24